00662 2200241 4500001002100000005001500021020001800036035002400054040001200078082002200090084002200112090002600134100002100160245007600181250001100257260003100268300003500299650002700334700001100361990001600372990001600388990001600404YOGYA00000000009919720140823123535 a979-963-924-7 0010-101300000000078 aYOPDYOG 2[22]a641.5959851 a641.5959851 Ket P aNUS 641.5959851 Ket P aKETUT ROSMANDANA aPeta lengkap wisata kuliner di BalicKetut Rosmandana ; editor, Lilies. aCet.1. aYogyakartabEkspresic2009 a79 hlm.bilus.c21 cm (3 eks.) aMakanan Indonesia-Bali aLilies a0139/B.2013 a0140/B.2013 a0141/B.2013